Statistics for Random New Zealand Tourist Attractions

Click here to take the quiz!

General Stats

  • This quiz has been taken 35 times
  • The average score is 6 of 10

Answers on the Map

Answers color-coded by a green-red scale on the quiz's map according to % correct below.
 

Answer Stats

Answer% Correct
Cathedral Cove
100%
Nelson
100%
Tararua Range
100%
Te Urewera National Park
100%
White Island
100%
Larnach Castle
50%
Abel Tasman National Park
0%
Akaroa and Banks Peninsula
0%
Aoraki / Mount Cook
0%
Arthur's Pass
0%
Bay of Islands
0%
Blue Lake
0%
Cape Reinga
0%
Capt. Cook Statue, Gisborne
0%
Christchurch Cathedral
0%
Cook's Landing Place
0%
Doubtful Sound
0%
Dunedin Railway Station
0%
East Cape Lighthouse
0%
Franz Josef Glacier
0%
Glenorchy
0%
Great Barrier Island (Aotea)
0%
Haast Pass
0%
Hamilton Gardens
0%
Heaphy Track
0%
Hobbiton
0%
Hokitika Gorge
0%
Kaikōura
0%
Mahia Peninsula
0%
Marlborough Sounds
0%
Milford Sound
0%
Moeraki Boulders
0%
Mount Maunganui
0%
Mount Taranaki
0%
Napier's Art Déco Houses
0%
New Zealand Rugby Museum
0%
Paeroa's L&P bottle
0%
Parliament Buildings
0%
Piha Beach
0%
Punakaiki Pancake Rocks
0%
Queenstown
0%
Rakiura Track
0%
Republic of Whangamōmona
0%
Rotorua Hot Springs
0%
Sky Tower
0%
Springfield Donut
0%
Taihape's Giant Boot
0%
Tāne Mahuta kauri tree
0%
Taumatawhakatangi-
­hangakōauauotamatea­-
turipukakapikimaunga­-
horonukupōkai-
when­uakitānatahu
0%
Taupō
0%
Tekapo
0%
That Wānaka Tree
0%
The Bluff
0%
The Catlins
0%
Three Sisters & Elephant Rock
0%
Tongariro Alpine Crossing
0%
Waiheke Island
0%
Waitomo Caves
0%
Whāngarei Falls
0%
Wharariki Beach
0%

Score Distribution

Percentile by Number Answered

Percent of People with Each Score

Your Score History

You have not taken this quiz